LEADER 01896nam0 22004093i 450 001 VAN00279466 005 20241119092031.319 017 70$2N$a9783031256745 100 $a20240709d2023 |0itac50 ba 101 $aeng 102 $aCH 105 $a|||| ||||| 200 1 $aLecture Notes on the Theory of Plates and Shells$eClassical and Modern Developments$fDavid J. Steigmann, Mircea Bīrsan, Milad Shirani 210 $aCham$cSpringer$d2023 215 $aix, 252 p.$cill.$d24 cm 410 1$1001VAN00037882$12001 $aSolid mechanics and its applications$1210 $aDordrecht$cKluwer$d1990$1300 $aIl luogo di edizione e l'editore variano$v274 606 $a74-XX$xMechanics of deformable solids [MSC 2020]$3VANC022466$2MF 606 $a74K20$xPlates [MSC 2020]$3VANC022467$2MF 606 $a74K25$xShells [MSC 2020]$3VANC023455$2MF 610 $aDerivation of plate and shell equations$9KW:K 610 $aLinearly elastic shells$9KW:K 610 $aNonlinear shell models$9KW:K 610 $aTheory of plates$9KW:K 610 $aThin plates and shells$9KW:K 620 $aCH$dCham$3VANL001889 700 1$aSteigmann$bDavid J.$3VANV232028$01354162 701 1$aBīrsan$bMircea$3VANV232029$01745436 701 1$aShirani$bMilad$3VANV232030$01745437 712 $aSpringer $3VANV108073$4650 801 $aIT$bSOL$c20260313$gRICA 856 4 $uhttps://doi.org/10.1007/978-3-031-25674-5$zE-book ? Accesso al full-text attraverso riconoscimento IP di Ateneo, proxy e/o Shibboleth 899 $aBIBLIOTECA DEL DIPARTIMENTO DI MATEMATICA E FISICA$1IT-CE0120$2VAN08 912 $fN 912 $aVAN00279466 950 $aBIBLIOTECA DEL DIPARTIMENTO DI MATEMATICA E FISICA$d08DLOAD e-Book 9427 $e08eMF9427 20240715 996 $aLecture Notes on the Theory of Plates and Shells$94176185 997 $aUNICAMPANIA